|
|
|
|
| LEADER |
00918nam a2200289 4500 |
| 001 |
DLU100107152 |
| 005 |
##20100506 |
| 040 |
# |
# |
|a DLU
|b vie
|
| 041 |
# |
# |
|a vie
|
| 044 |
# |
# |
|a vn
|
| 100 |
# |
# |
|a Lê Quý Đức.
|
| 245 |
# |
# |
|a Văn hóa đạo đức ở nước ta hiện nay :
|b Vấn đề và giải pháp /
|c Lê Quý Đức, Hoàng Chí Bảo, Vũ Hoàng lược thuật.
|
| 653 |
# |
# |
|a Đạo đức học
|
| 653 |
# |
# |
|a Giáo dục học
|
| 653 |
# |
# |
|a Văn hóa học
|
| 700 |
# |
# |
|a Hoàng Chí Bảo.
|
| 700 |
# |
# |
|a Vũ Hoàng,
|e lược thuật.
|
| 773 |
# |
# |
|t Thông tin khoa học xã hội
|g Số10(310), 2008, tr. 13-20
|
| 920 |
# |
# |
|a Phòng Tạp chí -- Trung tâm Thông tin - Thư viện Trường Đại học Đà Lạt
|
| 994 |
# |
# |
|a DLU
|
| 900 |
# |
# |
|a True
|
| 911 |
# |
# |
|a Nguyễn Thị Linh Chi
|
| 925 |
# |
# |
|a G
|
| 926 |
# |
# |
|a A
|
| 927 |
# |
# |
|a BB
|
| 980 |
# |
# |
|a Thư viện Trường Đại học Đà Lạt
|